01207nam a22002654a 4500001000400000003000800004005001700012008004100029020001800070040003100088041001300119082001700132100002000149240004000169245007600209260004100285300002700326520046300353650003900816650001500855650001100870650001300881655003100894655001600925513BR-RjBN20260520084933.0090101s2009 sp 000 f por d a9788576792604 bporaBR-IBIAcBR-IBIAerda1 aporheng a028.5bF873c1 aFrench, Vivian.10aPrincess Katie and the Silver Pony.10aClube da tiara :bprincesa Katie e o pônei prateado /cVivian French. aSão Paulo :bNovo Século,c2009. a88 p. :bil. ;c21 cm. aAs seis amigas da Escola das Princesas descobrem que terão uma Aula de Desejos, acreditando que poderão utilizar a magia para conquistar pontos de tiara e garantir um lugar especial na Carruagem Concha do Mar. Porém, os planos da Princesa Perfeita acabam causando confusões e desafios inesperados. Em meio a aventuras e magia, as personagens aprendem importantes lições sobre amizade, responsabilidade, generosidade e confiança nos mais velhos. 0aLiteratura infantojuvenil inglesa. 0aPrincesas. 0aMagia. 0aAmizade. 0aLiteratura infantojuvenil. 0aFicção.